MARC details
| 000 -LÍDER |
| campo de controle de tamanho fixo |
01301 a2200265 4500 |
| 001 - NÚMERO DE CONTROLE |
| campo de controle |
46369 |
| 020 ## - ISBN - INTERNATIONAL STANDARD BOOK NUMBER |
| ISBN - International Standard Book Number |
9788532244802 |
| 020 ## - ISBN - INTERNATIONAL STANDARD BOOK NUMBER |
| Informação qualificadora |
(broch.) |
| 041 ## - CÓDIGO DE IDIOMA |
| Código do idioma do texto/trilha sonora ou título diferente |
por |
| 082 ## - CDD - CLASSIFICAÇÃO DECIMAL DE DEWEY |
| Número de Classificação |
028.5 |
| 040 ## - FONTE DA CATALOGAÇÃO |
| Instituição da catalogação original |
BR-BrIDEA |
| Instituição que transcreveu o registro |
BR-BrIDEA |
| 090 ## - NÚMERO DE CHAMADA LOCAL |
| Número de chamada (OCLC) (R); Número de chamada, CALL (RLIN) (NR) |
Year 2 028 |
| Número Cutter local (OCLC); Número de classificação do livro, CALL (RLIN) |
BEL |
| 100 ## - ENTRADA PRINCIPAL--NOME PESSOAL |
| Nome pessoal |
Belinky, Tatiana. |
| 250 ## - EDIÇÃO |
| Edição |
. ed. |
| 245 10 - TÍTULO |
| Título |
Coral dos bichos |
| Indicação de responsabilidade, etc. |
Tatiana Belinky ; ilustrações de Jotah |
| 260 ## - PUBLICAÇÃO, DISTRIBUIÇÃO, ETC. |
| Local de publicação, distribuição, etc. |
São Paulo |
| Nome do editor, distribuidor, etc. |
FTD |
| Data da publicação, distribuição, etc. |
2000 |
| 300 ## - DESCRIÇÃO FÍSICA |
| Extensão |
[32] p. |
| Outros detalhes físicos |
il. |
| Material de acompanhamento |
23.4 x 17.6 x 1 cm |
| 520 ## - NOTA DE RESUMO, ETC |
| Resumo, etc. |
Certo dia os bichos resolveram formar um coral. A ideia agradou a todos e logo o inteligente Macaco foi nomeado o grande regente. Mas, como em todo coral, é preciso definir o lugar de cada um...<br/>Essa fábula poética mostra o excesso de vaidade de cada bicho (e como não lembrar das pessoas?), impedindo a realização de um projeto coletivo desejado por todos.<br/>A cada estrofe redescobrimos o universo criativo dessa consagrada escritora que, nas vozes dos animais, permite uma reflexão ética sobre as atitudes por eles tomadas e suas consequências. O ritmo dos versos embala a leitura, e os fatos cheios de humor prendem a atenção. |
| 521 ## - NOTA DO PÚBLICO ALVO |
| Nota de público alvo |
Year 2 |
| 697 ## - ENTRADA DE ASSUNTO LOCAL--ENTIDADE COLETIVA (RLIN) |
| Nome corporativo ou nome da jurisdição |
Cacofonia. |
| 697 ## - ENTRADA DE ASSUNTO LOCAL--ENTIDADE COLETIVA (RLIN) |
| Nome corporativo ou nome da jurisdição |
Literatura infantojuvenil. |
| 700 ## - ENTRADA ADICIONADA - NOME PESSOAL |
| Nome pessoal |
Jotah |
| Datas associadas ao nome |
1961 |
| Função do autor por extenso |
ilustrador |
| 856 ## - LOCALIZAÇÃO ELETRÔNICA E ACESSO |
| Uniform Resource Identifier |
<a href="00000f/00000f5c.jpg">00000f/00000f5c.jpg</a> |
| 942 ## - ELEMENTOS DE ENTRADA ADICIONADOS (KOHA) |
| Tipo de material Koha |
Livros |